Mawar

Bibliographic Details
Main Author: Nass Alina Noah
Format: Book
Published: Kuala Lumpur : Utusan Publication & Distributor , 2005
Subjects:

MARC

LEADER 00000cam a2200000 7i4500
001 0000011340
005 20080116.0
008 071113
020 |a 9676115932 
090 0 0 |a NAS   |b MAL 
100 0 |a Nass Alina Noah 
245 1 0 |a Mawar   |c Nass Alina Noah 
260 |a Kuala Lumpur :   |b Utusan Publication & Distributor ,   |c 2005 
650 0 |a Malay fiction 
650 0 |a Novel 
999 |a 0000939893   |b Book   |c Adult Collection   |e Cawangan Taman Sri Lambak 
999 |a 0000939894   |b Book   |c Adult Collection   |e Cawangan Taman Sri Lambak 
999 |a 0001001665   |b Book   |c Adult Collection   |e Perbadanan Perpustakaan Awam Johor 
999 |a 0001001667   |b Book   |c Adult Collection   |e Perbadanan Perpustakaan Awam Johor